01315cam a22003854i 4500003000900000005001700009008004100026020001500067020001800082035002700100040003300127050002600160082001700186100002800203245016100231250001900392264005400411300003800465336002100503337002500524338002300549504004000572504003400612505010900646526000900755526000900764526000800773526000800781526000800789541001600797650002900813700003500842700003400877700001800911PE-LiUPU20250731183336.0090515s2010 nyu rb 001 0 eng d a1568988966 a9781568988962 a(Sirsi) i9781568988962 aSUEbspacSUEdPE-LiUPUerda14aNA2543.S6bG79 2010eb04a720bG952221 aGutman, Robert,eautor.10aArchitecture from the outside in :bselected essays /cby Robert Gutman ; edited by Dana Cuff and John Wriedt ; with dialogues from Bryan Bell [y otros 11]. afirst edition. 1aNew York :bPrinceton Architectural Press,c2010. a342 páginas ;c23 centímetros atext2rdacontent aunmediated2rdamedia avolume2rdacarrier aBibliografía : páginas 326-327. aÍndices: páginas 330-343.0 aPractices -- Buildings and projects -- Sociology and architecture -- Housing -- Architectural education. aP158 aP146 aP17 aP12 aP06 g003-001195;14aArquitectura y sociedad.1 aBell, Bryan,d1959- ,eeditor.1 aCuff, Dana,d1953- ,eeditor.1 aWriedt, John.